History Quiz

Random History or Alphabet Quiz
Score 0/15 Timer 01:30
3 Plays Today
Letter Name % Correct
JJames, Jimmy, John
95.9%
GGeorge, Gerald, Grover
95.7%
AAbraham, Andrew
95.3%
BBarack, Benjamin, Bill
91.2%
WWarren, William, Woodrow
88%
RRichard, Ronald, Rutherford
84.1%
TTheodore, Thomas
83.7%
FFranklin
80.4%
Letter Name % Correct
DDwight, Donald
79.3%
HHarry, Herbert
79.3%
UUlysses
79%
ZZachary
76.5%
CCalvin, Chester
69.4%
MMartin, Millard
60.4%
LLyndon
45.5%
Remove Ads.
Support Sporcle.
Get the best of Sporcle when you Go Orange. This ad-free experience offers more features, more stats, and more fun while also helping to support Sporcle. Thank you for becoming a member.

You're not logged in!

Compare scores with friends on all Sporcle quizzes.
OR
Log In

Show Comments

Extras

Top Quizzes Today


Score Distribution

Your Account Isn't Verified!

In order to create a playlist on Sporcle, you need to verify the email address you used during registration. Go to your Sporcle Settings to finish the process.

Report this User

Report this user for behavior that violates our Community Guidelines.

Details: